000 00400nam a2200169Ia 4500
005 20140403092343.0
008 140130s9999 xx 000 0 und d
050 _aPZ 7
_bW8603Poi 2005
245 _cWooding, Chris
_aPoison(wooding)
260 _bScholastic,
_c2003
300 _a273 p. :
_c24 cm.
440 _v1
_931174
521 _aG6
526 _c870
942 _cBK
_2lcc
999 _c41244
_d41244